Investigaciones sobre medio ambiente /

Guardado en:
Bibliografiske detaljer
Autores Corporativos: FLACSO, Solidaridad para el Desarrollo y la Paz
Format: Texto
Udgivet: La Habana: FLACSO; SODEPAZ
Tags: Tilføj Tag
Ingen Tags, Vær først til at tagge denne postø!

MARC

LEADER 00000 a a2200000 04500
001 24427
003
040
090 |a 175205  
110 |a FLACSO  
245 |a Investigaciones sobre medio ambiente /  |c FLACSO  
260 |a La Habana:   |b FLACSO; SODEPAZ  
300 |a 39 p  
710 |a Solidaridad para el Desarrollo y la Paz  
999 |c 11678  |d 11678